Представление документа в формате RUSMARC

ПолеНазваниеЗначение
  Тип записи i
  Библиографический уровень m
001 Контрольный номер 3936c0a02b1a452e9c9995baef1bc1f4
005 Дата корректировки 20231215113509.5
010 Индекс ISBN __
b Уточнения В кор.
d Цена 465-45
100 Данные общей обработки __
a Данные общей обработки 20230303d2017 me y0rusy028902 ca
101 Язык документа 1_
a Язык текста rus
c Язык оригинала eng
102 Страна публикации __
a Страна публикации RU
105 Кодированные данные (монография) __
a Кодированные данные (монография)
125 Кодированные данные звукозаписи и нотных изданий __
a Форма изложения нотного текста
b Определитель литературного текста с
126 Кодированные данные (звукозаписи-физические характеристики) __
a Кодированные данные звукозаписи (общие) agbаhхх cd
127 Кодированные данные (звукозаписи-физические характеристики) __
a Продолжительность проигрывания 0621##
135 Кодированные данные (электронные ресурсы) __
a Кодированные данные (электронные ресурсы) сongannnannan
139 Кодированные данные (электронные ресурсы) __
a Кодированные данные (электронные ресурсы) сaz
181 Поле кодированных данных: вид содержания _0
a Код вида содержания (ISBD) h
182 Поле кодированных данных: тип средства _0
a Код типа средства (ISBD) a
200 Заглавие и сведения об ответственности 1_
a Заглавие Человек-невидимка
e Сведения, относящиеся к заглавию [роман]
e Сведения, относящиеся к заглавию аудиокнига
f Первые сведения об ответственности Герберт Уэллс
g Последующие сведения об ответственности переводчик Д. Л. Вейс
g Последующие сведения об ответственности читает Виктор Руденко
203 Вид содержания и тип средства __
a Вид содержания Устная речь
c Тип средства аудио
210 Выходные данные 1_
a Место издания Москва
c Издательство АРДИС
d Дата издания 2017
215 Физическое описание __
a Объем 1 электрон. опт. диск (CD-ROM) (06 ч 21 мин)
d Формат 12 см
c Иллюстрации/тип воспроизводства зв.
225 Серия 2_
a Серия Аудиокнига
300 Общие примечания __
a Общие примечания Заглавие с этикетки диска
300 Общие примечания __
a Общие примечания Данные в формате MP3
300 Общие примечания __
a Общие примечания Переводчик на коробке указан ошибочно: Д. С. Вейс
330 Аннотация __
a Аннотация В знаменитом романе английского писателя-фантаста Герберта Уэллса описывается судьба английского учёного-физика Гриффина, придумавшего способ сделать человека невидимым. Обстоятельства складываются так, что из-за материальных затруднений он не может продолжать свою работу и решает "исчезнуть" и начать совершенно новую жизнь в качестве невидимки… Гриффин стал одним из наиболее известных образов злого гения в мировой литературе.
333 Примечание о целевом назначении __
a Примечание о целевом назначении 12+. Для детей старше 12 лет
337 Примечание о системных требованиях (электронные ресурсы) __
a Примечание о системных требованиях (электронные ресурсы) Системные требования : MS Windows 95/98/2000/XP/Vista/7/8/10 ; Pentium 100 ; ОЗУ 16 Мб ; монитор SVGA, 800x600 ; устройство чтения CD/DVD-ROM ; звуковая карта ; колонки или наушники ; мышь ; музыкальный центр ; CD/DVD-плеер и прочие устройства
606 Тематические рубрики __
a Основная рубрика Художественная литература
2 Код системы nlr_sh
606 Тематические рубрики __
a Основная рубрика Литература Европы (произведения)
2 Код системы nlr_sh
z Хронологическая подрубрика 19 в.
z Хронологическая подрубрика 20 в.
y Географическая подрубрика Англия
y Географическая подрубрика Великобритания
610 Ключевые слова 0_
a Ключевые слова аудиокниги
610 Ключевые слова 0_
a Ключевые слова зарубежная литература
610 Ключевые слова 0_
a Ключевые слова классическая литература
610 Ключевые слова 0_
a Ключевые слова английская литература
610 Ключевые слова 0_
a Ключевые слова зарубежная классическая литература
610 Ключевые слова 0_
a Ключевые слова зарубежная классика
610 Ключевые слова 0_
a Ключевые слова романы
610 Ключевые слова 0_
a Ключевые слова фантастические романы
610 Ключевые слова 0_
a Ключевые слова классика фантастики
610 Ключевые слова 0_
a Ключевые слова научная фантастика
610 Ключевые слова 0_
a Ключевые слова тема экспериментов
610 Ключевые слова 0_
a Ключевые слова эксперименты
610 Ключевые слова 0_
a Ключевые слова экранизации
610 Ключевые слова 0_
a Ключевые слова экранизированные книги
686 Индексы других классификаций __
2 Код системы rubbks
a Классификационный индекс 84(4Вел)6-445я04; ст84(4Вел)-445я0
700 Автор _1
a Фамилия Уэллс
b Имя Г. Д.
g Полное личное имя Герберт Джордж
f Даты 1866-1946
4 Код отношения 070
702 Вторичная интеллектуальная ответственность _1
a Фамилия Вейс
b Имя Д. Л.
4 Код отношения 730
g Полное личное имя Давид Лазаревич
f Даты 1878-1938
702 Вторичная интеллектуальная ответственность _1
a Фамилия Рудниченко
b Имя В. В.
f Даты 1957-
g Полное личное имя Виктор Владимирович
4 Код отношения 590
801 Источник записи _0
b Организация Муниципальное бюджетное учреждение культуры "Централизованная библиотечная система" г. Сургут (Центральная городская библиотека им. А. С. Пушкина)
a Страна RU
c Дата составления 20230306
g Правила каталогизации PSBO
801 Источник записи _1
b Организация Муниципальное бюджетное учреждение культуры "Централизованная библиотечная система" г. Сургут (Центральная городская библиотека им. А. С. Пушкина)
a Страна RU
c Дата составления 20230306
g Правила каталогизации PSBO
852 Данные о местонахождении 5_
j Шифр хранения 84(4Вел)6-445я04
i Авторский знак У 98
900 Макрообъекты __
a Макрообъекты Человек-невидимка. Уэллс Г., 2017
901 Тип документа __
a Ответственный КиК/Обаева
t Тип документа 0
903 Характеристики (МАРС) __
a Дата передачи 20230306
c Наименование библиотеки (МАРС) Муниципальное бюджетное учреждение культуры "Централизованная библиотечная система" г. Сургут (Центральная городская библиотека им. А. С. Пушкина)
969 Тип издания __
a Тип издания аудиокнига
a Тип издания издание для слепых
990 Данные о заказе (DOS) __
j Количество экземпляров (DOS) 1
t N записи в КСУ для И/У (DOS) 202306